Central Library OPAC University of Rajshahi

Arid zone hydrology : (Record no. 72430)

MARC details
000 -LEADER
fixed length control field 00771nam a2200265 a 4500
001 - CONTROL NUMBER
control field 72430
003 - CONTROL NUMBER IDENTIFIER
rucl marc code BD-RjUL
005 - DATE AND TIME OF LATEST TRANSACTION
control field 20211209082247.0
008 - FIXED-LENGTH DATA ELEMENTS--GENERAL INFORMATION
fixed length control field 170517s1959 fr a b 00010 eng d
035 ## - SYSTEM CONTROL NUMBER
System control number (BD-RjUL)72648
040 ## - CATALOGING SOURCE
Original cataloging agency DLC
Transcribing agency OOxM
Modifying agency BD-RjUL
Language of cataloging eng
041 ## - LANGUAGE CODE
Language code of text/sound track or separate title eng
082 ## - DEWEY DECIMAL CLASSIFICATION NUMBER
Edition number 23
Classification number 551.49
Author mark and year SCA 1959
100 10 - MAIN ENTRY--PERSONAL NAME
Personal name Schoeller, H.
9 (RLIN) 214219
245 10 - TITLE STATEMENT
Title Arid zone hydrology :
Remainder of title recent developments /
Statement of responsibility, etc. by H. Schoeller.
260 0# - PUBLICATION, DISTRIBUTION, ETC. (IMPRINT)
Place of publication, distribution, etc. Paris :
Name of publisher, distributor, etc. Unesco,
Date of publication, distribution, etc. 1959.
300 ## - PHYSICAL DESCRIPTION
Pagination 125 p. :
Illustrations ill. ;
Size 25 cm.
490 1# - SERIES STATEMENT
Series statement Arid zone research ,
Volume/sequential designation 12
504 ## - BIBLIOGRAPHY, ETC. NOTE
Bibliography, etc Includes bibliography: (p. 116-125)
650 #0 - SUBJECT ADDED ENTRY--TOPICAL TERM
Topical term or geographic name as entry element Groundwater.
9 (RLIN) 214220
Topical term or geographic name as entry element Arid regions.
9 (RLIN) 203824
830 #0 - SERIES ADDED ENTRY--UNIFORM TITLE
Uniform title Arid zone research ,
Volume number/sequential designation 12
942 ## - ADDED ENTRY ELEMENTS (KOHA)
Source of classification or shelving scheme Dewey Decimal Classification
Koha item type Books
Holdings
Lost status Source of classification or shelving scheme Damaged status Not for loan Collection code Permanent Location Current Location Shelving location Date acquired Source of acquisition Cost, normal purchase price Total Checkouts Full call number Date last seen Copy number Koha item type
  Dewey Decimal Classification   Not For Loan Non-fiction Central Library, University of Rajshahi Central Library, University of Rajshahi Reading Room 18/10/1962 Zeitlinger 57.60   551.49 SCA 1959 17/05/2017 C-1 Books